Reggae Musicians - Sudden Death - Statistics

General Stats
  • This quiz has been taken 297 times
    48 since last reset
  • The average score is 10 of 20
Answers on the Grid
Answers color-coded by a green-red scale on the quiz's grid according to % correct below.
Bob Marley
Peter Tosh
Lorde
Curtis Mayfield
Dennis Brown
Leona Lewis
Sean Paul
Jessie J
Grimes
Leonard Cohen
Bunny Wailer
Gregory Isaacs
Halsey
Burning Spear
Van Morrison
John Holt
Björk
Shaggy
Barrington Levy
Shirley Bassey
Damian Marley
Phil Collins
Beck
Sizzla
Gotye
Max Romeo
Sia
Toots Hibbert
Dawn Penn
Cher
Ziggy Marley
Lucky Dube
Kate Bush
Junior Murvin
Yungblud
Peter Gabriel
Garnett Silk
Cyndi Lauper
Don Carlos
 
Answer Stats
Answer % Correct
Bob Marley
86%
Ziggy Marley
78%
Damian Marley
72%
Shaggy
64%
Bunny Wailer
61%
Toots Hibbert
61%
Barrington Levy
53%
Peter Tosh
53%
Sean Paul
50%
Junior Murvin
44%
Lucky Dube
44%
Sizzla
44%
Burning Spear
39%
Gregory Isaacs
39%
John Holt
36%
Dennis Brown
33%
Max Romeo
31%
Garnett Silk
28%
Don Carlos
25%
Dawn Penn
22%
No matching quizzes found
Score Distribution
Percent of People with Each Score
Percentile by Number Answered
Your Score History
You have not taken this quiz since the last reset